• 首页
  • 本馆介绍
  • 公告通知
  • 最新文献
  • 馆藏检索
  • 电子资源
  • 读者导购
  • 参考咨询
  • 我的图书馆
  • 登录
  • 详细信息显示
  • 放入我的书架
  • 预约/预借图书
  • 作者相关作品
  • 分类相关作品
  • 丛书相关作品
  • 出版社相关作品

书目信息

  • 表格格式
  • 工作单格式
  • 卡片格式
题名:
硼化合物生产与应用
    
 
作者: 郑学家 主编
分册:  
出版信息: 北京   化学工业出版社  2008
页数: 453页
开本: 24cm
丛书名:
单 册:
中图分类: TQ128
科图分类:
主题词: 硼化合物--生产 , 硼化合物
电子资源:
ISBN: 978-7-122-00904-3
000 00825nam0 22002411 45
001 1029918160
005 20100429094925.20
010    @a978-7-122-00904-3@b精装@dCNY75.00
100    @a20100420d2008 em y0chiy50 ea
101 0  @achi
102    @aCN@b110000
105    @ay z 000yy
106    @ar
200 1  @a硼化合物生产与应用@APeng Hua He Wu Sheng Chan Yu Ying Yong@f郑学家主编@FZheng Xue Jia Zhu Bian
210    @a北京@c化学工业出版社@d2008
215    @a453页@d24cm
330    @a本书分为十二章,内容包括:硼及硼化合物概论、含硼原料及硼矿资源分布、硼矿开采及预处理、硼砂的生产、含硼矿物生产硼酸、硼精细产品和含硼材料的生产等。
606 0  @a硼化合物@x生产
606 0  @a硼化合物
690    @aTQ128@v4
701  0 @a郑学家@AZheng Xue Jia@4主编
801  0 @aCN@bTANGWEI@c20100429
905    @b0594253-57@dTQ128@e5@f5
    
    硼化合物生产与应用/郑学家主编.-北京:化学工业出版社,2008
    453页;24cm
    
    
    ISBN 978-7-122-00904-3(精装):CNY75.00
    本书分为十二章,内容包括:硼及硼化合物概论、含硼原料及硼矿资源分布、硼矿开采及预处理、硼砂的生产、含硼矿物生产硼酸、硼精细产品和含硼材料的生产等。
●
相关链接 在E读中查询图书 在五车中查询图书 在当当中查询图书 在豆瓣中查询图书


正题名:硼化合物生产与应用     索取号:TQ128/5         预约/预借

序号 登录号 条形码 馆藏地/架位号 状态 备注
1 0594253   205942532   第二样本阅览室/ [索取号:TQ128/5] 在馆    
2 0594254   205942541   第三借阅区/ [索取号:TQ128/5] 在馆    
3 0594255   205942550   第三借阅区/ [索取号:TQ128/5] 在馆    
4 0594256   205942569   第三借阅区/ [索取号:TQ128/5] 在馆    
5 0594257   205942578   第三借阅区/ [索取号:TQ128/5] 在馆    
唐山师范学院图书馆 欢迎您!
大连网信软件有限公司© 版权所有